00469nam a2200169Ia 4500003000900000008004100009020002200050040001600072080001900088100001900107245005000126260004800176300001500224490002300239650001500262650002200277IN-BaIIA211028s9999 xx 000 0 eng d a978-0-691-15627-9 cIIA Library a523.4-126bKAS aKasting, James 0aHow to find a habitable planetcJames Kasting aPrincetonbPrinceton University Pressc2012 axiv, 332p. aScience essentials aExobiology aHabitable planets